<?xml version="1.0" encoding="UTF-8"?>
<record
    xmlns:xsi="http://www.w3.org/2001/XMLSchema-instance"
    xsi:schemaLocation="http://www.loc.gov/MARC21/slim http://www.loc.gov/standards/marcxml/schema/MARC21slim.xsd"
    xmlns="http://www.loc.gov/MARC21/slim">

  <leader>02277agaaa2200337   4500</leader>
  <controlfield tag="001">2010</controlfield>
  <controlfield tag="003">IT-RoPAU</controlfield>
  <controlfield tag="005">20220918181253.0</controlfield>
  <controlfield tag="007">d cvaizq</controlfield>
  <controlfield tag="008">50131s9999||||xx ||| |     ||   ||und||</controlfield>
  <datafield tag="040" ind1=" " ind2=" ">
    <subfield code="a">IT-RoPAU</subfield>
    <subfield code="c">IT-RoPAU</subfield>
  </datafield>
  <datafield tag="041" ind1=" " ind2=" ">
    <subfield code="a">ITALIANO</subfield>
  </datafield>
  <datafield tag="100" ind1=" " ind2=" ">
    <subfield code="a">Polanski Roman</subfield>
    <subfield code="g">Codice regista SPICS: 1627</subfield>
    <subfield code="9">49812</subfield>
  </datafield>
  <datafield tag="130" ind1=" " ind2=" ">
    <subfield code="a">LUNA DI FIELE</subfield>
    <subfield code="9">49813</subfield>
  </datafield>
  <datafield tag="240" ind1=" " ind2=" ">
    <subfield code="a">BITTER MOON</subfield>
    <subfield code="g">T2744</subfield>
  </datafield>
  <datafield tag="245" ind1=" " ind2=" ">
    <subfield code="a">LUNA DI FIELE</subfield>
    <subfield code="c">Prodotto da: De Laurentis L. E A. -- Sceneggiatura: Polanski Roman Brach Gerard Brownjohn John -- Diretto da: Polanski Roman</subfield>
    <subfield code="p">LUNA DI FIELE (Rif. Codice opera principale : C2010)</subfield>
  </datafield>
  <datafield tag="246" ind1=" " ind2=" ">
    <subfield code="a">BITTER MOON</subfield>
  </datafield>
  <datafield tag="250" ind1=" " ind2=" ">
    <subfield code="a">Edizione Standard</subfield>
  </datafield>
  <datafield tag="260" ind1=" " ind2=" ">
    <subfield code="a">FRANCIA (FRACIA - INGHILTE)</subfield>
    <subfield code="b">R.P. PROD. - TIMOTHY BURRILL PROD. / Distribuzione: FILMAURO</subfield>
    <subfield code="g">"1992 (1&#xB0; ed.: 1992 ; Ed. Lingua Orig.: 1992)"</subfield>
  </datafield>
  <datafield tag="300" ind1=" " ind2=" ">
    <subfield code="a">VHS</subfield>
    <subfield code="b">sonoro, col.</subfield>
    <subfield code="c">138 minuti</subfield>
  </datafield>
  <datafield tag="508" ind1=" " ind2=" ">
    <subfield code="a">"Fotografia: Delli Colli Tonino; Montaggio: De Luze Herve; Musica: Vangelis Papathanass; Sceneggiatura: Polanski Roman Brach Gerard Brownjohn John; Scenografia: Holt W. Viard G.; Coreografia: Redha; "</subfield>
  </datafield>
  <datafield tag="511" ind1=" " ind2=" ">
    <subfield code="a">"Coyote Peter; Seigner Emmanuelle; Grant Hugh; Scott; Thomas Kristin; Vellani Luca"</subfield>
  </datafield>
  <datafield tag="520" ind1=" " ind2=" ">
    <subfield code="a">SU UNA LUSSUOSA NAVE DA CROCIERA IN ROTTA VERSO L'ORIENTE SI INTRECCIANO LE VITE E I DESTINI DI DUE COPPIE. OSCAR UNO SCRITTORE COSTRETTO SU UNA SEDIA A ROTELLE E MIMI' LA SUA PROVOCANTE GIOVANE MOGLIE CONOSCONO NIGEL E FIONA DUE CONIUGI CHE SPERANO DI SUPERARE IN VACANZA LA CRISI DEL LORO MATRIMONIO. OSCAR AFFASCINA NIGEL COL RACCONTO DETTAGLIATO DELLA SUA PASSIONE PER MIMI' DAL CORTEGGIAMENTO ALL'INTIMITA', DAGLI ECCESSI SESSUALI ALLA NOIA E ALLA VIOLENZA. SEMPRE PIU' FATALMENTE ATTRATTO DA MIMI' CHE SEMBRA RICAMBIARLO NIGEL PRIMA DI AVERLA DEVE ASCOLTARE DA OSCAR LA CONCLUSIONE DEL RACCONTO CHE SARA' INASPETTATA E CRUDELE. STORIA DI UN'OSSESSIONE AMOROSA. FILM A COLORI.</subfield>
  </datafield>
  <datafield tag="538" ind1=" " ind2=" ">
    <subfield code="a">PAL, STEREO</subfield>
  </datafield>
  <datafield tag="546" ind1=" " ind2=" ">
    <subfield code="a">ITALIANO</subfield>
  </datafield>
  <datafield tag="650" ind1=" " ind2=" ">
    <subfield code="a">DRAMMATICO</subfield>
    <subfield code="e">FILMS [VHS]</subfield>
    <subfield code="x">Codice MATERIA SPICS: 9960</subfield>
    <subfield code="9">34083</subfield>
  </datafield>
  <datafield tag="700" ind1=" " ind2=" ">
    <subfield code="a">Bruckner Pascal </subfield>
    <subfield code="e">(soggetto)</subfield>
    <subfield code="g">Codice Soggetto SPICS: 30165</subfield>
    <subfield code="9">49814</subfield>
  </datafield>
  <datafield tag="700" ind1=" " ind2=" ">
    <subfield code="a">Polanski Roman </subfield>
    <subfield code="e">(regista)</subfield>
    <subfield code="g">Codice regista SPICS: 1627</subfield>
    <subfield code="9">49815</subfield>
  </datafield>
  <datafield tag="700" ind1=" " ind2=" ">
    <subfield code="a">Vangelis Papathanass</subfield>
    <subfield code="e">(musica)</subfield>
    <subfield code="g">Codice Musica SPICS: 11474</subfield>
    <subfield code="9">49816</subfield>
  </datafield>
  <datafield tag="942" ind1=" " ind2=" ">
    <subfield code="c">VH</subfield>
    <subfield code="2">ddc</subfield>
  </datafield>
  <datafield tag="999" ind1=" " ind2=" ">
    <subfield code="c">106989</subfield>
    <subfield code="d">106989</subfield>
  </datafield>
  <datafield tag="952" ind1=" " ind2=" ">
    <subfield code="0">0</subfield>
    <subfield code="1">0</subfield>
    <subfield code="4">0</subfield>
    <subfield code="6">C_2010_000000000000000</subfield>
    <subfield code="7">1</subfield>
    <subfield code="a">SPICS</subfield>
    <subfield code="b">SPICS</subfield>
    <subfield code="d">2015-01-31</subfield>
    <subfield code="l">0</subfield>
    <subfield code="o">C2010</subfield>
    <subfield code="r">2015-01-31 00:00:00</subfield>
    <subfield code="w">2015-01-31</subfield>
    <subfield code="y">VH</subfield>
    <subfield code="z">Progr. Ins.: 330 / N.Vol.:1 / Copie: 1 / Pag.:0 / Copia rara: n.d. / date import: 1.2.2015 / By Epidotti, Trombetti, Vaglietti</subfield>
  </datafield>
</record>
